[Event "Capablanca Memorial op 57th"]
[Site "Havana"]
[Date "2024.05.06"]
[Round "4"]
[White "Alvarez Perez, Jorge"]
[Black "Campos Munoz, Valentina"]
[Result "0-1"]
[WhiteElo "1857"]
[BlackElo "1649"]
[PlyCount "64"]
[EventDate "2024.05.03"]
[EventType "swiss"]
[EventRounds "10"]
[EventCountry "CUB"]
[SourceTitle "EXT 2025"]
[Source "ChessBase"]
[SourceDate "2024.10.14"]
[SourceVersion "1"]
[SourceVersionDate "2024.10.14"]
[SourceQuality "1"]

1. e4 c5 2. Nf3 Nc6 3. d4 cxd4 4. Nxd4 Nf6 5. Nc3 e5 6. Ndb5 d6 7. Bg5 Be7 8. Bxf6 gxf6 9. Nd5 Kf8 10. Bc4 Be6 11. Qh5 Rc8 12. Rd1 Nd4 13. Nxd4 Rxc4 14. Nxe6+ fxe6 15. Nc3 h6 16. Rd3 Qe8 17. Qe2 Rc6 18. 0-0 Qf7 19. Rfd1 a6 20. Rg3 h5 21. Rh3 Qg6 22. Rg3 Qh6 23. Qd2 Qxd2 24. Rxd2 Kf7 25. Kf1 Rhc8 26. Rh3 Kg6 27. Re2 f5 28. Rg3+ Kf7 29. exf5 exf5 30. Rf3 Ke6 31. Rg3 h4 32. Rg6+ Kf7 0-1

[Event "Capablanca Memorial op 57th"]
[Site "Havana"]
[Date "2024.05.03"]
[Round "1"]
[White "Alvarez Perez, Jorge"]
[Black "Otero Marino, Alain"]
[Result "0-1"]
[WhiteElo "1857"]
[BlackElo "2250"]
[PlyCount "32"]
[EventDate "2024.05.03"]
[EventType "swiss"]
[EventRounds "10"]
[EventCountry "CUB"]
[SourceTitle "EXT 2025"]
[Source "ChessBase"]
[SourceDate "2024.10.14"]
[SourceVersion "1"]
[SourceVersionDate "2024.10.14"]
[SourceQuality "1"]

1. e4 c5 2. Nf3 d6 3. d4 cxd4 4. Qxd4 Nc6 5. Bb5 Bd7 6. Bxc6 Bxc6 7. Nc3 Nf6 8. Bg5 e6 9. Rd1 Be7 10. 0-0 h6 11. Bc1 0-0 12. Rfe1 Qc7 13. h3 Rfd8 14. Nd2 Rac8 15. f4 d5 16. e5 Ne4 0-1